Lions Players With 1000 Scrimmage Yards - Statistics

General Stats
  • This quiz has been taken 9 times
  • The average score is 45 of 80
Answer Stats
Position (Year) Yards Player % Correct
WR (2023) 1,539 Amon-Ra St. Brown
100%
WR (2024) 1,269 Amon-Ra St. Brown
100%
WR (2022) 1,256 Amon-Ra St. Brown
100%
RB (1997) 2,358 Barry Sanders
100%
RB (1994) 2,166 Barry Sanders
100%
RB (1995) 1,898 Barry Sanders
100%
RB (1991) 1,855 Barry Sanders
100%
RB (1990) 1,784 Barry Sanders
100%
RB (1998) 1,780 Barry Sanders
100%
RB (1989) 1,752 Barry Sanders
100%
RB (1996) 1,700 Barry Sanders
100%
RB (1992) 1,577 Barry Sanders
100%
RB (1993) 1,320 Barry Sanders
100%
WR (2012) 1,964 Calvin Johnson
100%
WR (2011) 1,692 Calvin Johnson
100%
WR (2013) 1,492 Calvin Johnson
100%
WR (2008) 1,330 Calvin Johnson
100%
WR (2015) 1,214 Calvin Johnson
100%
WR (2010) 1,152 Calvin Johnson
100%
WR (2014) 1,077 Calvin Johnson
100%
WR (2009) 1,057 Calvin Johnson
100%
WR (1989) 1,129 Richard Johnson
100%
RB (2024) 1,929 Jahmyr Gibbs
88%
RB (2023) 1,261 Jahmyr Gibbs
88%
RB (2022) 1,139 Jamaal Williams
88%
WR (2024) 1,062 Jameson Williams
88%
WR (2006) 1,312 Roy Williams
88%
RB (2023) 1,132 David Montgomery
75%
RB (2024) 1,116 David Montgomery
75%
RB (1980) 1,924 Billy Sims
63%
RB (1981) 1,888 Billy Sims
63%
RB (1983) 1,459 Billy Sims
63%
WR (1995) 1,686 Herman Moore
63%
WR (1996) 1,296 Herman Moore
63%
WR (1997) 1,293 Herman Moore
63%
WR (1994) 1,173 Herman Moore
63%
RB (2008) 1,262 Kevin Smith
63%
RB (2009) 1,162 Kevin Smith
63%
WR (2014) 1,361 Golden Tate III
50%
WR (2016) 1,081 Golden Tate III
50%
WR (2017) 1,025 Golden Tate III
50%
FB (1986) 1,237 James Jones
50%
FB (1985) 1,220 James Jones
50%
FB (1984) 1,194 James Jones
50%
RB (2004) 1,313 Kevin Jones
50%
RB (2006) 1,209 Kevin Jones
50%
WR (2017) 1,101 Marvin Jones
50%
FB (1971) 1,385 Steve Owens
50%
WR (2001) 1,160 Johnnie Morton
38%
WR (1999) 1,129 Johnnie Morton
38%
WR (1997) 1,090 Johnnie Morton
38%
WR (1998) 1,039 Johnnie Morton
38%
WR (2019) 1,190 Kenny Golladay
38%
WR (2018) 1,071 Kenny Golladay
38%
RB (2013) 1,512 Reggie Bush
38%
WR (1995) 1,536 Brett Perriman
25%
WR (1996) 1,034 Brett Perriman
25%
RB (2021) 1,069 D'Andre Swift
25%
RB (1978) 1,199 Dexter Bussey
25%
FB (1980) 1,084 Dexter Bussey
25%
RB (1976) 1,076 Dexter Bussey
25%
FB (1978) 1,056 Horace King
25%
RB (2010) 1,042 Jahvid Best
25%
FB (1971) 1,006 Altie Taylor
13%
LE (1949) 1,014 Bob Mann
13%
LE (1950) 1,009 Cloyce Box
13%
WR (1999) 1,376 Germane Crowell
13%
RB (2000) 1,471 James Stewart
13%
RB (2002) 1,354 James Stewart
13%
RB (2013) 1,197 Joique Bell
13%
RB (2014) 1,182 Joique Bell
13%
FB/HB (1967) 1,177 Mel Farr
13%
WR (2006) 1,086 Mike Furrey
13%
RB (2012) 1,012 Mikel Leshoure
13%
FL/P (1966) 1,286 Pat Studstill
13%
FL (1963) 1,095 Terry Barr
13%
FL (1964) 1,061 Terry Barr
13%
WR (1981) 1,047 Freddie Scott
0%
FB (1960) 1,001 Nick Pietresante
0%
FB (1961) 1,156 Nick Pietrosante
0%
No matching quizzes found
Score Distribution
Percent of People with Each Score
Percentile by Number Answered
Your Score History
You have not taken this quiz